00373nam a2200145Ia 4500003000400000008004100004040001600045082001300061100002300074245004900097260003400146300001000180650001500190650002200205GCL140319s9999 xx 000 0 eng d aGCL / cGCL04a843bS P1 aSARRAUTE, NATHALIE10aPORTRAIT D'UN INCONNU / cSARRAUTE, NATHALIE a[S.N] : bGALLIMARD ، c1956 a211 P04aLITERATURE04aFRENCH LITERATURE